01321nam a2200301Ia 4500001000400000003000400004005001700008008004100025020001800066040000800084041000900092082001600101100002500117240003700142245008800179260003900267300001600306520052000322650002500842650001900867650001300886650001200899650001700911655001200928655001600940700003100956830003200987403OSt20250528074019.0250415b ||||| |||| 00| 1 por d a9788576839422 bpor apor  a028.5bK64d1 aKinney, Jeff,d1971- aDiary of a Wimpy Kid: Old School aDiário de um bananab: Bons Temposc/ Kinney, Jeff ; tradução Alexandre Boide aSão PaulobVergara & Ribac2020. a217 p.bil. aA vida era melhor antigamente. Bem, pelo menos é o que dizem. Mas Greg Heffley, um garoto bastante acostumado ao conforto do mundo moderno, não concorda muito com isso. E uma decisão polêmica vai colocar o seu paraíso tecnológico em curto-circuito: todos em sua cidade resolvem dar um tempo dos aparelhos eletrônicos. Dentro e fora de casa, Greg terá que enfrentar o dia a dia à moda antiga. Será que ele vai conseguir sobreviver do mesmo jeitinho que se fazia nos “bons e velhos tempos”? 0aLiteratura Americana 0aInfantojuvenil 0aDiário 0aAmizade 0aVida escolar 0aRomance 0aFicção  aAlexandre BoiadecTRADUTOR aDiário de um bananavv.10